000 00860nam a22002177a 4500
005 20151102150821.0
008 110520t xxu||||| |||| 00| 0 mar d
010 _aMAR-20859
020 _a9788174252975
_c150.00
035 _aMR-13517
037 _bDBAD/PUB
040 _aDPL
_bMR
082 _a920
100 _928213
_aनाईक,ज्ञानदा
245 _aमहाराष्ट्रातील प्रतिभावंत कलावंत /
_cज्ञानदा नाईक
246 _aMaharastratil Partibhawant Kalawant
_bby Ghaynda Naik
260 _aपुणे
_bउत्कर्ष प्रकाशन
_c2010
270 _a685,[डेक्कन जिमखाना
_bपुणे
300 _aनऊ,164पृ
_c21 सेमी (अजिल्द)
942 _2ddc
_cMR
_h920
_mनाईक
999 _c52516
_d52516